000 00521nam a22001697a 4500
003 OSt
005 20160512142945.0
008 160512b xxu||||| |||| 00| 0 eng d
020 _a789966361387
040 _aMUC
050 _aPL 8703
_b .K3 2015
245 _aKamusi ya karne ya 21:
_bkamusi ya Kiswahili yenye uketo zaidi katika karne hii/
260 _aNairobi:
_bLonghorn Publishers,
_c2011.
300 _a621 p. :
_b ill.
650 _aSwahili language
_vDictionaries
942 _2lcc
_cREF_BOOK
_hPL 8703 .K3
999 _c11146
_d11146